00830nam a22002297a 450000500170000000800410001702000190005805000140007708200140009110000250010524500710013025000110020126000490021230000380026150000500029950501340034965000220048365000320050565000260053765000140056370000230057720230907100321.0230907b ||||| |||| 00| 0 eng d a0195115422(4e) aPN175.C57 2dc21a808 aCorbett, Edward P.J. aClassical rhetoric for the modern student. /:cEdward P.J. Corbett a4th ed aNew York, NY.bOxford University Pressc1999 axii, 562 p:bBibliography, Index, aIncludes bibliographical references and index aContents: Introduction -- Discovery of arguments -- Arrangement of material -- Style -- The progymnasmata -- A survey of rhetoric aRhetoric, Ancient aEnglish Language - Rhetoric aI. Connors, Robert J. aII. Title aConnors, Robert J.